Энциклопедический словарь: в 2 т.; Т. 2 : Маскат-ЯЯ

Бібліографічні деталі
Інші автори: Введенский Б. А.
Мова:Російська
Опубліковано: Москва, Советская энциклопедия, 1963
Предмети:
Формат: Книга
KOHA link:https://koha.lib.tpu.ru/cgi-bin/koha/opac-detail.pl?biblionumber=324248

MARC

LEADER 00000nam0a2200000 4500
001 324248
005 20231102003641.0
035 |a (RuTPU)RU\TPU\book\349845 
035 |a RU\TPU\book\349843 
090 |a 324248 
100 |a 20161111d 1963km y0rusy50 ca 
101 0 |a rus 
102 |a RU 
105 |a a ef 000zy 
200 1 |a Энциклопедический словарь   |e в 2 т.  |h Т. 2 : Маскат-ЯЯ  |f гл. ред. Б. А. Введенский 
210 |a Москва  |c Советская энциклопедия  |d 1963 
215 |a 736 с.  |c ил. 
606 1 |a Энциклопедии  |2 stltpush  |3 (RuTPU)RU\TPU\subj\21381  |9 46387 
610 1 |a справочные издания 
610 1 |a энциклопедические словари 
610 1 |a термины 
610 1 |a определения 
610 1 |a персоналии 
686 |a Я20  |v LBC/SL-A  |2 rubbk 
702 1 |a Введенский  |b Б. А.  |4 651 
801 1 |a RU  |b 63413507  |c 20161111 
801 2 |a RU  |b 63413507  |c 20200619  |g RCR 
942 |c BK